[Event "Bundesliga 9900"]
[Site "Deutschland"]
[Date "1999.12.12"]
[Round "6.2"]
[White "Socko, Bartosz"]
[Black "Gurevich, Mikhail"]
[Result "1-0"]
[WhiteElo "2543"]
[BlackElo "2643"]
[PlyCount "181"]
[EventDate "1999.10.09"]
[EventType "team"]
[EventRounds "15"]
[EventCountry "GER"]
[SourceTitle "Bundesliga 9900"]
[Source "DeepChess"]
[SourceDate "2005.01.01"]
[SourceVersion "1"]
[SourceVersionDate "2005.01.01"]
[SourceQuality "1"]
[WhiteTeam "Dresdner SC 1898"]
[BlackTeam "Godesberger SK 1929"]
[WhiteTeamCountry "GER"]
[BlackTeamCountry "GER"]

1. e4 e6 2. d3 c5 3. Nd2 Nc6 4. g3 g6 5. Bg2 Bg7 6. Ne2 d6 7. O-O Nge7 8. c3
O-O 9. Nf3 e5 10. d4 exd4 11. cxd4 Bg4 12. d5 Bxf3 13. Bxf3 Ne5 14. Bg2 c4 15.
Qc2 b5 16. Be3 Qa5 17. a3 Rfc8 18. Bd4 Rc7 19. Kh1 Nd7 20. Bxg7 Kxg7 21. f4 Re8
22. Nd4 Kg8 23. e5 dxe5 24. fxe5 Nxe5 25. d6 Rd7 26. Rae1 Qb6 27. Rxe5 Qxd4 28.
Rxe7 Rdxe7 29. dxe7 Rxe7 30. Qc3 Qxc3 31. bxc3 Kg7 32. Bc6 a6 33. Kg1 Re2 34.
Bb7 Ra2 35. Bxa6 Rxa3 36. Bxb5 Rxc3 37. Rf4 Rc1+ 38. Kg2 c3 39. Ba4 Rb1 40. Rc4
Rb2+ 41. Kh3 h5 42. Rxc3 f5 43. Rc7+ Kh6 44. Rc6 Rb4 45. Ra6 Re4 46. Bc2 Re5
47. Bb3 Kg7 48. Bd1 Rd5 49. Be2 Rd4 50. Bb5 Re4 51. Ba4 Kh6 52. Bc2 Re5 53. Rc6
Kg7 54. Rd6 Re2 55. Bd1 Re4 56. Bf3 Rb4 57. Be2 Re4 58. Bb5 Re5 59. Bd3 Ra5 60.
Kg2 Ra2+ 61. Kg1 Ra4 62. Bb5 Re4 63. Bc6 Re2 64. h4 Kf7 65. Bd5+ Kg7 66. Rd7+
Kh6 67. Bf7 Re4 68. Kf2 g5 69. Rd6+ Kg7 70. Bd5 Rd4 71. hxg5 Rg4 72. Bf3 Rxg5
73. Rd4 Kf6 74. Rh4 Rg8 75. Rxh5 Rb8 76. Rh4 Kg5 77. Ra4 Rb5 78. Be2 Rd5 79.
Rb4 Rc5 80. Bd3 Rd5 81. Ke3 Re5+ 82. Kf3 Rd5 83. Be2 Rc5 84. Rd4 Rc3+ 85. Bd3
Rc5 86. Bc4 Rc6 87. Bd3 Rc5 88. Kg2 Re5 89. Kh3 Rc5 90. Rf4 Rd5 91. Rxf5+ 1-0

[Event "Bundesliga 9900"]
[Site "Deutschland"]
[Date "1999.12.12"]
[Round "6.5"]
[White "Kveinys, Aloyzas"]
[Black "Maiwald, Jens Uwe"]
[Result "1-0"]
[WhiteElo "2515"]
[BlackElo "2488"]
[PlyCount "85"]
[EventDate "1999.10.09"]
[EventType "team"]
[EventRounds "15"]
[EventCountry "GER"]
[SourceTitle "Bundesliga 9900"]
[Source "DeepChess"]
[SourceDate "2005.01.01"]
[SourceVersion "1"]
[SourceVersionDate "2005.01.01"]
[SourceQuality "1"]
[WhiteTeam "Godesberger SK 1929"]
[BlackTeam "Dresdner SC 1898"]
[WhiteTeamCountry "GER"]
[BlackTeamCountry "GER"]

1. e4 c5 2. Nf3 e6 3. Nc3 Nc6 4. Bb5 Nd4 5. O-O Ne7 6. Nxd4 cxd4 7. Ne2 Qb6 8.
a4 a6 9. Bc4 g6 10. c3 Nc6 11. d3 Bg7 12. cxd4 Nxd4 13. a5 Nxe2+ 14. Qxe2 Qd8
15. Be3 d6 16. Bb6 Qf6 17. d4 O-O 18. Rad1 Re8 19. Rfe1 Qe7 20. Qe3 Bd7 21. b3
Rac8 22. Qg3 Bc6 23. h3 Bb5 24. Bxb5 axb5 25. Qd3 Qd7 26. d5 e5 27. Qd2 h5 28.
Rc1 Kh7 29. Be3 Bf6 30. Ra1 Ra8 31. Rec1 Kg7 32. Qb4 Bd8 33. a6 bxa6 34. Rc6
Be7 35. Raxa6 Rxa6 36. Rxa6 Rb8 37. Rc6 Qd8 38. Qc3 h4 39. Rc7 Bg5 40. Ba7 b4
41. Qc6 Ra8 42. Qb7 Qf8 43. Qxb4 1-0

[Event "Bundesliga 9900"]
[Site "Deutschland"]
[Date "1999.12.12"]
[Round "6.6"]
[White "Lanka, Zigurds"]
[Black "Heinbuch, Detlef"]
[Result "1-0"]
[WhiteElo "2504"]
[BlackElo "2394"]
[PlyCount "67"]
[EventDate "1999.10.09"]
[EventType "team"]
[EventRounds "15"]
[EventCountry "GER"]
[SourceTitle "Bundesliga 9900"]
[Source "DeepChess"]
[SourceDate "2005.01.01"]
[SourceVersion "1"]
[SourceVersionDate "2005.01.01"]
[SourceQuality "1"]
[WhiteTeam "Dresdner SC 1898"]
[BlackTeam "Godesberger SK 1929"]
[WhiteTeamCountry "GER"]
[BlackTeamCountry "GER"]

1. e4 c5 2. Nf3 Nc6 3. d4 cxd4 4. Nxd4 Nf6 5. Nc3 d6 6. Bg5 e6 7. Qd2 a6 8.
O-O-O Bd7 9. f3 Be7 10. h4 Nxd4 11. Qxd4 Qa5 12. Kb1 Bc6 13. Qd2 Qc7 14. Ne2 h6
15. Be3 d5 16. e5 Nd7 17. f4 h5 18. Nd4 g6 19. Be2 O-O-O 20. g4 hxg4 21. Bxg4
Nc5 22. h5 Ne4 23. Qe1 gxh5 24. Rxh5 Rxh5 25. Bxh5 Be8 26. Bg1 Bc5 27. Bf3 Bxd4
28. Bxd4 Bc6 29. Qe3 Rh8 30. Bb6 Qe7 31. Bxe4 dxe4 32. Bc5 Qc7 33. Bd6 Qa5 34.
Qa7 1-0

[Event "Bundesliga 9900"]
[Site "Deutschland"]
[Date "1999.12.12"]
[Round "6.7"]
[White "Jackelen, Thomas"]
[Black "Uhlmann, Wolfgang"]
[Result "1/2-1/2"]
[WhiteElo "2368"]
[BlackElo "2461"]
[PlyCount "82"]
[EventDate "1999.10.09"]
[EventType "team"]
[EventRounds "15"]
[EventCountry "GER"]
[SourceTitle "Bundesliga 9900"]
[Source "DeepChess"]
[SourceDate "2005.01.01"]
[SourceVersion "1"]
[SourceVersionDate "2005.01.01"]
[SourceQuality "1"]
[WhiteTeam "Godesberger SK 1929"]
[BlackTeam "Dresdner SC 1898"]
[WhiteTeamCountry "GER"]
[BlackTeamCountry "GER"]

1. Nf3 Nf6 2. c4 g6 3. Nc3 Bg7 4. e4 d6 5. d4 O-O 6. Be2 e5 7. O-O Nc6 8. Be3
Ng4 9. Bg5 f6 10. Bc1 Kh8 11. h3 Nh6 12. dxe5 Nxe5 13. Be3 Be6 14. Nd4 Bd7 15.
Qd2 Nhf7 16. Rfd1 Nc6 17. c5 b6 18. cxd6 Nxd6 19. Ndb5 Nxb5 20. Bxb5 Be8 21.
Qe2 Qe7 22. Rac1 Na5 23. Bf4 Rd8 24. Rxd8 Qxd8 25. Rd1 Qe7 26. Qc2 Qf7 27. Bf1
c5 28. Nd5 Bc6 29. Bd2 Nb7 30. Bc3 Re8 31. b4 Rd8 32. bxc5 Nxc5 33. Bc4 Ba4 34.
Bb3 Nxb3 35. axb3 Bc6 36. Bxf6 Bxd5 37. Bxg7+ Kxg7 38. exd5 Rxd5 39. Qc3+ Kh6
40. Qe3+ Kg7 41. Qc3+ Kh6 1/2-1/2

[Event "Bundesliga 9900"]
[Site "Deutschland"]
[Date "1999.12.12"]
[Round "6.8"]
[White "Heinatz, Thomas"]
[Black "Schmidt, Bodo"]
[Result "0-1"]
[WhiteElo "2349"]
[BlackElo "2384"]
[PlyCount "138"]
[EventDate "1999.10.09"]
[EventType "team"]
[EventRounds "15"]
[EventCountry "GER"]
[SourceTitle "Bundesliga 9900"]
[Source "DeepChess"]
[SourceDate "2005.01.01"]
[SourceVersion "1"]
[SourceVersionDate "2005.01.01"]
[SourceQuality "1"]
[WhiteTeam "Dresdner SC 1898"]
[BlackTeam "Godesberger SK 1929"]
[WhiteTeamCountry "GER"]
[BlackTeamCountry "GER"]

1. e4 e6 2. d4 d5 3. Nc3 Nf6 4. Bg5 Bb4 5. e5 h6 6. Bd2 Bxc3 7. bxc3 Ne4 8. Qg4
g6 9. Nf3 c5 10. Bd3 Nxd2 11. Kxd2 Bd7 12. dxc5 Qe7 13. Rab1 Bc6 14. h4 Nd7 15.
h5 g5 16. Qd4 Nxc5 17. Nh2 Ne4+ 18. Ke2 Nc5 19. Ng4 O-O-O 20. Rb4 Kb8 21. f3
Rc8 22. Rhb1 Rc7 23. a4 Nd7 24. a5 Qc5 25. Qxc5 Nxc5 26. Ke3 Kc8 27. Kd4 Nd7
28. Rf1 Nb8 29. Ke3 Be8 30. Rb3 Rc5 31. a6 b6 32. f4 Nc6 33. f5 Na5 34. Ra3
Nc4+ 35. Bxc4 Rxc4 36. Nf6 Bd7 37. fxe6 Bxe6 38. Rd1 Rd8 39. Rd4 Rc5 40. Kd2
Kc7 41. Kc1 Rc8 42. Kb2 Kc6 43. Ra1 Rb5+ 44. Rb4 Rc5 45. Rd4 b5 46. Rad1 Rb8
47. Rf1 Rc4 48. Rfd1 Rxd4 49. cxd4 Kb6 50. Ra1 Rc8 51. c3 Rc4 52. Ra3 Rc8 53.
Kb3 Rc4 54. Kb2 b4 55. Rb3 Ka5 56. Rxb4 Rxb4+ 57. cxb4+ Kxb4 58. Ng8 Kc4 59.
Nxh6 Kxd4 60. Nxf7 Bxf7 61. h6 Bg6 62. e6 Ke5 63. e7 Kf6 64. h7 Kg7 65. Kc3
Kxh7 66. Kd4 Kg7 67. Kxd5 Kf7 68. Kd6 Bd3 69. Kd7 Bb5+ 0-1

[Event "Bundesliga 9900"]
[Site "Deutschland"]
[Date "1999.12.12"]
[Round "6.2"]
[White "Rustemov, Alexander"]
[Black "Kempinski, Robert"]
[Result "0-1"]
[WhiteElo "2573"]
[BlackElo "2549"]
[PlyCount "96"]
[EventDate "1999.10.09"]
[EventType "team"]
[EventRounds "15"]
[EventCountry "GER"]
[SourceTitle "Bundesliga 9900"]
[Source "DeepChess"]
[SourceDate "2005.01.01"]
[SourceVersion "1"]
[SourceVersionDate "2005.01.01"]
[SourceQuality "1"]
[WhiteTeam "SV Wattenscheid 1930"]
[BlackTeam "Hamburger SK 1830 e.V."]
[WhiteTeamCountry "GER"]
[BlackTeamCountry "GER"]

1. d4 Nf6 2. Nf3 g6 3. c4 Bg7 4. g3 O-O 5. Bg2 d6 6. Nc3 Nbd7 7. O-O e5 8. e4
Re8 9. h3 a6 10. Re1 Rb8 11. dxe5 Nxe5 12. Nxe5 dxe5 13. Bg5 c6 14. Qxd8 Rxd8
15. c5 Be6 16. Rad1 Rd7 17. b3 Rbd8 18. Rxd7 Rxd7 19. Kf1 h6 20. Be3 h5 21. h4
Ng4 22. Bc1 Bf8 23. Na4 Be7 24. f3 Nf6 25. Ke2 Rd8 26. Bg5 Kf8 27. Rc1 Nd7 28.
Be3 f5 29. exf5 Bxf5 30. Nb2 Nf6 31. Nc4 e4 32. Na5 Rd7 33. Rd1 Nd5 34. Bd4 Ke8
35. fxe4 Bg4+ 36. Bf3 Nc3+ 37. Bxc3 Bxf3+ 38. Kxf3 Rxd1 39. Ke2 Rc1 40. Bd4
Rc2+ 41. Kd3 Rg2 42. Be5 Bxc5 43. Nxb7 Bf2 44. Bf6 Rxg3+ 45. Ke2 Bb6 46. Nd6+
Kd7 47. e5 Rg2+ 48. Kd3 Bd8 0-1

[Event "Bundesliga 9900"]
[Site "Deutschland"]
[Date "1999.12.12"]
[Round "6.3"]
[White "Wahls, Matthias"]
[Black "Hall, Jesper"]
[Result "1/2-1/2"]
[WhiteElo "2582"]
[BlackElo "2476"]
[PlyCount "49"]
[EventDate "1999.10.09"]
[EventType "team"]
[EventRounds "15"]
[EventCountry "GER"]
[SourceTitle "Bundesliga 9900"]
[Source "DeepChess"]
[SourceDate "2005.01.01"]
[SourceVersion "1"]
[SourceVersionDate "2005.01.01"]
[SourceQuality "1"]
[WhiteTeam "Hamburger SK 1830 e.V."]
[BlackTeam "SV Wattenscheid 1930"]
[WhiteTeamCountry "GER"]
[BlackTeamCountry "GER"]

1. e4 c5 2. Nf3 e6 3. d4 cxd4 4. Nxd4 Nf6 5. Nc3 Nc6 6. Ndb5 Bc5 7. Bf4 O-O 8.
Bc7 Qe7 9. Bd6 Bxd6 10. Qxd6 Ne8 11. Qxe7 Nxe7 12. O-O-O f5 13. Nd6 Nxd6 14.
Rxd6 fxe4 15. Nxe4 Nf5 16. Rd2 d5 17. Ng5 b6 18. Bd3 e5 19. Re1 e4 20. Bb5 Ne7
21. Re3 h6 22. Nh3 Bb7 23. Rc3 Rac8 24. Rxc8 Bxc8 25. Ng1 1/2-1/2

[Event "Bundesliga 9900"]
[Site "Deutschland"]
[Date "1999.12.12"]
[Round "6.4"]
[White "Ziegler, Ari"]
[Black "Mueller, Karsten"]
[Result "1-0"]
[WhiteElo "2404"]
[BlackElo "2533"]
[PlyCount "111"]
[EventDate "1999.10.09"]
[EventType "team"]
[EventRounds "15"]
[EventCountry "GER"]
[SourceTitle "Bundesliga 9900"]
[Source "DeepChess"]
[SourceDate "2005.01.01"]
[SourceVersion "1"]
[SourceVersionDate "2005.01.01"]
[SourceQuality "1"]
[WhiteTeam "SV Wattenscheid 1930"]
[BlackTeam "Hamburger SK 1830 e.V."]
[WhiteTeamCountry "GER"]
[BlackTeamCountry "GER"]

1. d4 d5 2. c4 c6 3. Nc3 Nf6 4. Nf3 a6 5. c5 g6 6. Bf4 Nh5 7. e3 Nxf4 8. exf4
Qc7 9. g3 Bg7 10. h3 Nd7 11. Bg2 O-O 12. O-O f6 13. Re1 Re8 14. Kh2 Nf8 15. Re3
Be6 16. Qe2 Bf7 17. Re1 e6 18. h4 Re7 19. Bh3 Rae8 20. b3 h6 21. Na4 Nd7 22.
Nb2 Nf8 23. Nd3 h5 24. b4 a5 25. a3 axb4 26. axb4 Ra8 27. Qb2 b5 28. cxb6 Qxb6
29. Nc5 Rea7 30. R1e2 f5 31. Rb3 Qb5 32. Kg1 Qc4 33. Rc2 Ra1+ 34. Kh2 Qb5 35.
Qc3 Nh7 36. Ne5 Nf6 37. f3 Nh7 38. Ncd3 Be8 39. Rc1 R1a2+ 40. Kg1 Nf8 41. Bf1
Bf6 42. Re1 Qb6 43. Nc5 Qd8 44. Re2 Bxh4 45. gxh4 Qxh4 46. Rbb2 Rxb2 47. Qxb2
Qxf4 48. Ncd3 Qh4 49. Rh2 Qe7 50. Qc1 Qa7 51. Qc5 Qa1 52. Rc2 Qd1 53. Qc3 Ra1
54. Rc1 Rxc1 55. Qxc1 Qa4 56. Qc5 1-0

[Event "Bundesliga 9900"]
[Site "Deutschland"]
[Date "1999.12.12"]
[Round "6.5"]
[White "Heinemann, Thies"]
[Black "Holzke, Frank"]
[Result "1/2-1/2"]
[WhiteElo "2489"]
[BlackElo "2448"]
[PlyCount "81"]
[EventDate "1999.10.09"]
[EventType "team"]
[EventRounds "15"]
[EventCountry "GER"]
[SourceTitle "Bundesliga 9900"]
[Source "DeepChess"]
[SourceDate "2005.01.01"]
[SourceVersion "1"]
[SourceVersionDate "2005.01.01"]
[SourceQuality "1"]
[WhiteTeam "Hamburger SK 1830 e.V."]
[BlackTeam "SV Wattenscheid 1930"]
[WhiteTeamCountry "GER"]
[BlackTeamCountry "GER"]

1. e4 e6 2. d4 d5 3. Nd2 Nf6 4. e5 Nfd7 5. Bd3 c5 6. c3 Nc6 7. Ne2 cxd4 8. cxd4
f6 9. exf6 Nxf6 10. Nf3 Bd6 11. O-O O-O 12. Bf4 Bxf4 13. Nxf4 Qd6 14. g3 Qb4
15. b3 Bd7 16. Rc1 Rae8 17. Bb1 Qb6 18. Re1 Re7 19. h4 g6 20. Qd3 Nh5 21. Nxh5
gxh5 22. Rcd1 Be8 23. Ne5 Nxe5 24. Rxe5 Rg7 25. Qe3 Bf7 26. Qh6 Bg6 27. Bxg6
hxg6 28. Qe3 Rf6 29. Re1 Kh7 30. Qd3 Kh6 31. Rc1 Rgf7 32. Rc2 Kg7 33. f4 Rc7
34. Ree2 Rff7 35. Qe3 Qd6 36. Rxc7 Rxc7 37. Qxe6 Qxe6 38. Rxe6 Rc2 39. Re7+ Kf6
40. Rxb7 Rxa2 41. Rd7 1/2-1/2

[Event "Bundesliga 9900"]
[Site "Deutschland"]
[Date "1999.12.12"]
[Round "6.6"]
[White "Ellers, Holger"]
[Black "Wilhelmi, Christian"]
[Result "1/2-1/2"]
[WhiteElo "2426"]
[BlackElo "2413"]
[PlyCount "78"]
[EventDate "1999.10.09"]
[EventType "team"]
[EventRounds "15"]
[EventCountry "GER"]
[SourceTitle "Bundesliga 9900"]
[Source "DeepChess"]
[SourceDate "2005.01.01"]
[SourceVersion "1"]
[SourceVersionDate "2005.01.01"]
[SourceQuality "1"]
[WhiteTeam "SV Wattenscheid 1930"]
[BlackTeam "Hamburger SK 1830 e.V."]
[WhiteTeamCountry "GER"]
[BlackTeamCountry "GER"]

1. d4 Nf6 2. Nf3 g6 3. g3 Bg7 4. Bg2 O-O 5. O-O d6 6. c4 Nc6 7. Nc3 a6 8. Re1
Rb8 9. Rb1 Na5 10. Qd3 b5 11. cxb5 axb5 12. b4 Nc4 13. d5 Bf5 14. e4 Bd7 15. a4
Ng4 16. Nxb5 Nb6 17. Nc3 Nxa4 18. Nxa4 Bxa4 19. Bb2 Bxb2 20. Rxb2 Bd7 21. h3
Nf6 22. Nd4 Rb6 23. Kh2 Qb8 24. Qc3 Nh5 25. f4 Ng7 26. e5 e6 27. dxe6 Nxe6 28.
exd6 Rxd6 29. Nxe6 Bxe6 30. Rc1 Rb6 31. Qxc7 Rxb4 32. Qxb8 Rfxb8 33. Rxb4 Rxb4
34. Rc2 Kg7 35. Rd2 h5 36. h4 Kf6 37. Kg1 Rb3 38. Kf2 Ra3 39. Bh1 Rc3 1/2-1/2

[Event "Bundesliga 9900"]
[Site "Deutschland"]
[Date "1999.12.12"]
[Round "6.7"]
[White "Michaelsen, Nils"]
[Black "Straeter, Timo"]
[Result "0-1"]
[WhiteElo "2439"]
[BlackElo "2316"]
[PlyCount "82"]
[EventDate "1999.10.09"]
[EventType "team"]
[EventRounds "15"]
[EventCountry "GER"]
[SourceTitle "Bundesliga 9900"]
[Source "DeepChess"]
[SourceDate "2005.01.01"]
[SourceVersion "1"]
[SourceVersionDate "2005.01.01"]
[SourceQuality "1"]
[WhiteTeam "Hamburger SK 1830 e.V."]
[BlackTeam "SV Wattenscheid 1930"]
[WhiteTeamCountry "GER"]
[BlackTeamCountry "GER"]

1. d4 e6 2. c4 f5 3. g3 Nf6 4. Bg2 c6 5. Nh3 d6 6. O-O Be7 7. b3 O-O 8. Bb2 Qc7
9. Nd2 e5 10. e3 h6 11. Qe2 Nbd7 12. Rac1 a5 13. a3 g5 14. f3 Ne8 15. Nf2 Bf6
16. Qd3 Ng7 17. g4 exd4 18. exd4 Nc5 19. dxc5 Bxb2 20. cxd6 Qd7 21. Rc2 Bxa3
22. c5 Ne6 23. gxf5 Nf4 24. Qc4+ Kh7 25. Nde4 Qxf5 26. Ng4 Be6 27. Qc3 Bb4 28.
Qb2 Bd5 29. Ne3 Qf7 30. Nxd5 cxd5 31. Ng3 Rac8 32. Kh1 Bxc5 33. Qc3 b6 34. Re1
Rce8 35. Rxe8 Rxe8 36. Bf1 Bxd6 37. Bb5 Re7 38. Ne2 Bb4 39. Qc6 Bc5 40. Nxf4
Re1+ 41. Kg2 Rg1+ 0-1

[Event "Bundesliga 9900"]
[Site "Deutschland"]
[Date "1999.12.12"]
[Round "6.8"]
[White "Koehn, Peter"]
[Black "Reeh, Oliver"]
[Result "0-1"]
[WhiteElo "2323"]
[BlackElo "2399"]
[PlyCount "120"]
[EventDate "1999.10.09"]
[EventType "team"]
[EventRounds "15"]
[EventCountry "GER"]
[SourceTitle "Bundesliga 9900"]
[Source "DeepChess"]
[SourceDate "2005.01.01"]
[SourceVersion "1"]
[SourceVersionDate "2005.01.01"]
[SourceQuality "1"]
[WhiteTeam "SV Wattenscheid 1930"]
[BlackTeam "Hamburger SK 1830 e.V."]
[WhiteTeamCountry "GER"]
[BlackTeamCountry "GER"]

1. e4 c5 2. Nf3 d6 3. d4 cxd4 4. Nxd4 Nf6 5. Nc3 Nc6 6. Bg5 Bd7 7. Qd2 Rc8 8.
O-O-O Nxd4 9. Qxd4 Qa5 10. Bd2 a6 11. Kb1 Qc5 12. Qxc5 Rxc5 13. f3 g6 14. Be3
Rc8 15. Bd4 Bg7 16. Nd5 Nh5 17. Bb6 Bc6 18. g3 Nf6 19. Bd4 Bxd5 20. exd5 Nh5
21. Bh3 f5 22. Bf2 Nf6 23. Rhe1 h5 24. Rd3 Kf7 25. a4 Nd7 26. Rb3 Rc7 27. g4
hxg4 28. fxg4 Bf6 29. gxf5 g5 30. Re2 Ne5 31. Bf1 Rxh2 32. Bb6 Rxe2 33. Bxe2
Rc8 34. Bd4 Rc7 35. Rh3 Kg7 36. b3 Nd7 37. Be3 Rc3 38. Bd3 Ne5 39. Bd4 Rc8 40.
Be2 Nf7 41. Be3 Rc3 42. Kc1 Nh6 43. Bd3 Ng4 44. Bb6 Ne5 45. Kd2 Nxd3 46. Rxd3
Rc8 47. Rh3 Be5 48. Be3 Kf6 49. Rh7 Re8 50. Kd3 Kxf5 51. c4 Bf6 52. b4 Kg6 53.
Rh1 e6 54. dxe6 Rxe6 55. b5 g4 56. Rg1 Bg5 57. Bd4 Kf5 58. Rh1 g3 59. Rh8 Re1
60. Rh7 Rd1+ 0-1

[Event "Bundesliga 9900"]
[Site "Deutschland"]
[Date "1999.12.12"]
[Round "6.5"]
[White "Hector, Jonny"]
[Black "Huebner, Robert"]
[Result "1/2-1/2"]
[WhiteElo "2505"]
[BlackElo "2599"]
[PlyCount "122"]
[EventDate "1999.10.09"]
[EventType "team"]
[EventRounds "15"]
[EventCountry "GER"]
[SourceTitle "Bundesliga 9900"]
[Source "DeepChess"]
[SourceDate "2005.01.01"]
[SourceVersion "1"]
[SourceVersionDate "2005.01.01"]
[SourceQuality "1"]
[WhiteTeam "Luebecker SV von 1873 "]
[BlackTeam "SG 1868 Aljech. Solingen"]
[WhiteTeamCountry "GER"]
[BlackTeamCountry "GER"]

1. e4 e6 2. d4 d5 3. Nc3 Nf6 4. Bg5 dxe4 5. Nxe4 Nbd7 6. Nf3 Be7 7. Nxf6+ Bxf6
8. h4 c5 9. dxc5 O-O 10. Qd2 Nxc5 11. Qxd8 Rxd8 12. Bxf6 gxf6 13. Nd2 e5 14.
Bc4 Bf5 15. O-O-O Rac8 16. Nb3 Ne6 17. Rxd8+ Nxd8 18. Nd2 b5 19. g4 Bg6 20. Bb3
Ne6 21. Kd1 h5 22. gxh5 Bxh5+ 23. Ke1 Nf4 24. Rg1+ Kf8 25. Rg3 Bg6 26. Kd1 Ke7
27. a4 a6 28. Nf1 Rd8+ 29. Ke1 Rh8 30. Rc3 bxa4 31. Bxa4 Rxh4 32. Rc7+ Kd8 33.
Rd7+ Kc8 34. Ne3 Nd3+ 35. cxd3 Rxa4 36. Rd6 f5 37. Nc4 Kc7 38. Rf6 e4 39. Ne5
exd3 40. Nxf7 Bh5 41. Kd2 Rf4 42. Kxd3 Rxf2 43. Rxa6 Rxb2 44. Rf6 Rf2 45. Ne5
Kd8 46. Rh6 Bd1 47. Rh1 Bc2+ 48. Ke3 Rg2 49. Rh7 Rg1 50. Kf4 Re1 51. Ra7 Ke8
52. Rc7 Bb1 53. Rb7 Be4 54. Rc7 Kd8 55. Ra7 Kc8 56. Re7 Rf1+ 57. Ke3 Kd8 58.
Ra7 Ke8 59. Ke2 Rb1 60. Ke3 Rb4 61. Kf4 Kd8 1/2-1/2

[Event "Bundesliga 9900"]
[Site "Deutschland"]
[Date "1999.12.12"]
[Round "6.6"]
[White "Piket, Jeroen"]
[Black "Kalinitschew, Sergey"]
[Result "1/2-1/2"]
[WhiteElo "2635"]
[BlackElo "2524"]
[PlyCount "86"]
[EventDate "1999.10.09"]
[EventType "team"]
[EventRounds "15"]
[EventCountry "GER"]
[SourceTitle "Bundesliga 9900"]
[Source "DeepChess"]
[SourceDate "2005.01.01"]
[SourceVersion "1"]
[SourceVersionDate "2005.01.01"]
[SourceQuality "1"]
[WhiteTeam "SG 1868 Aljech. Solingen"]
[BlackTeam "Luebecker SV von 1873 "]
[WhiteTeamCountry "GER"]
[BlackTeamCountry "GER"]

1. d4 e6 2. c4 Bb4+ 3. Bd2 a5 4. Nc3 d5 5. e3 Nf6 6. Nf3 O-O 7. Bd3 b6 8. O-O
Bb7 9. Rc1 Nbd7 10. cxd5 exd5 11. a3 Be7 12. Qc2 c5 13. Rfd1 Bd6 14. Nb5 Bb8
15. a4 Qe7 16. b3 Ne4 17. Bc3 f5 18. Bb2 f4 19. dxc5 Ndxc5 20. Bd4 fxe3 21.
fxe3 g5 22. Bxe4 Nxe4 23. Nd2 Nd6 24. Rf1 Nxb5 25. Rxf8+ Qxf8 26. axb5 Qh6 27.
g3 Bd6 28. Rf1 Rf8 29. Rxf8+ Qxf8 30. Bxb6 Qe8 31. Bd4 Bb4 32. Nf3 g4 33. Ng5
Qd7 34. Qf2 h6 35. Qf6 hxg5 36. Qxg5+ Kf8 37. Qf6+ Ke8 38. Qe5+ Be7 39. Qh8+
Bf8 40. Qe5+ Kf7 41. Qh5+ Kg8 42. Qh8+ Kf7 43. Qh5+ Kg8 1/2-1/2

[Event "Bundesliga 9900"]
[Site "Deutschland"]
[Date "1999.12.12"]
[Round "6.8"]
[White "Emms, John M"]
[Black "Cladouras, Panagiotis"]
[Result "1-0"]
[WhiteElo "2586"]
[BlackElo "2335"]
[PlyCount "99"]
[EventDate "1999.10.09"]
[EventType "team"]
[EventRounds "15"]
[EventCountry "GER"]
[SourceTitle "Bundesliga 9900"]
[Source "DeepChess"]
[SourceDate "2005.01.01"]
[SourceVersion "1"]
[SourceVersionDate "2005.01.01"]
[SourceQuality "1"]
[WhiteTeam "SG 1868 Aljech. Solingen"]
[BlackTeam "Luebecker SV von 1873 "]
[WhiteTeamCountry "GER"]
[BlackTeamCountry "GER"]

1. e4 e5 2. Nf3 Nc6 3. Bb5 a6 4. Ba4 Nf6 5. O-O Be7 6. Re1 b5 7. Bb3 d6 8. c3
O-O 9. d3 Na5 10. Bc2 c5 11. Nbd2 Nc6 12. Nf1 Re8 13. Ne3 Bf8 14. a4 Bd7 15. h3
Rb8 16. axb5 axb5 17. Nh2 Kh8 18. Nhg4 Ng8 19. Nd5 Nce7 20. Bb3 Be6 21. Nxe7
Qxe7 22. Ne3 Bxb3 23. Qxb3 Qe6 24. Qc2 Ne7 25. Ra6 Ra8 26. Rxa8 Rxa8 27. c4 b4
28. b3 Ra1 29. Bd2 Rxe1+ 30. Bxe1 g6 31. Qa2 Bh6 32. Nd5 Nxd5 33. cxd5 Qf6 34.
Qa6 Bc1 35. Bxb4 cxb4 36. Qc8+ Kg7 37. Qxc1 Qd8 38. Qc6 Qb8 39. g3 Kf6 40. Qd7
Qb6 41. Kg2 Qc5 42. Qc6 Ke7 43. Qxc5 dxc5 44. f4 f6 45. fxe5 fxe5 46. Kf3 h6
47. Kg4 Kf6 48. d6 Ke6 49. h4 Kf6 50. h5 1-0

[Event "Bundesliga 9900"]
[Site "Deutschland"]
[Date "1999.12.12"]
[Round "6.1"]
[White "Babula, Vlastimil"]
[Black "Epishin, Vladimir"]
[Result "1/2-1/2"]
[WhiteElo "2567"]
[BlackElo "2657"]
[PlyCount "25"]
[EventDate "1999.10.09"]
[EventType "team"]
[EventRounds "15"]
[EventCountry "GER"]
[SourceTitle "Bundesliga 9900"]
[Source "DeepChess"]
[SourceDate "2005.01.01"]
[SourceVersion "1"]
[SourceVersionDate "2005.01.01"]
[SourceQuality "1"]
[WhiteTeam "SAbt SV Werder Bremen"]
[BlackTeam "PSV Turm Duisburg 1920 e.V."]
[WhiteTeamCountry "GER"]
[BlackTeamCountry "GER"]

1. d4 Nf6 2. c4 e6 3. Nc3 Bb4 4. e3 c5 5. Nge2 b6 6. a3 Ba5 7. Rb1 Na6 8. Ng3
O-O 9. Bd3 d5 10. cxd5 Nxd5 11. Bd2 Nxc3 12. bxc3 Nc7 13. O-O 1/2-1/2

[Event "Bundesliga 9900"]
[Site "Deutschland"]
[Date "1999.12.12"]
[Round "6.6"]
[White "Kraut, Rainer"]
[Black "Heissler, Jakob"]
[Result "0-1"]
[WhiteElo "2453"]
[BlackElo "2447"]
[PlyCount "100"]
[EventDate "1999.10.09"]
[EventType "team"]
[EventRounds "15"]
[EventCountry "GER"]
[SourceTitle "Bundesliga 9900"]
[Source "DeepChess"]
[SourceDate "2005.01.01"]
[SourceVersion "1"]
[SourceVersionDate "2005.01.01"]
[SourceQuality "1"]
[WhiteTeam "PSV Turm Duisburg 1920 e.V."]
[BlackTeam "SAbt SV Werder Bremen"]
[WhiteTeamCountry "GER"]
[BlackTeamCountry "GER"]

1. e4 c5 2. Nf3 d6 3. d4 cxd4 4. Qxd4 Nc6 5. Bb5 Bd7 6. Bxc6 Bxc6 7. Nc3 Nf6 8.
Bg5 e6 9. O-O-O Be7 10. Rhe1 O-O 11. Qd2 Qb6 12. Nd4 Rfc8 13. f3 Qa6 14. Kb1 b5
15. g4 Be8 16. h4 Rc4 17. b3 Rc5 18. Nce2 Rac8 19. Nc1 Bd8 20. Nd3 Rc3 21. Rc1
Qa3 22. Ne2 b4 23. Nxb4 Qxb4 24. Nxc3 Qxc3 25. Qxc3 Rxc3 26. Re3 Rc8 27. Rd3
Be7 28. Rcd1 h6 29. Be3 d5 30. e5 Nd7 31. f4 Nb6 32. h5 Bb5 33. R3d2 Rc3 34.
Bd4 Rf3 35. a4 Ba6 36. f5 exf5 37. gxf5 Rxf5 38. Bxb6 axb6 39. Rxd5 Be2 40. Re1
Bxh5 41. Rb5 Bh4 42. Rh1 Bf2 43. e6 Rxb5 44. axb5 Bg6 45. e7 f6 46. b4 h5 47.
Rh2 Bg3 48. Re2 Be5 49. Rg2 Be8 50. c4 h4 0-1